000
00241nam a22001097a 4500
082
_a
808.3 STO'L
100
_a
LALL, SHEILA H
_9
57669
245
_a
STORIES THROUGH THE AGES
260
_a
LAHORE
_b
CAXTON
_c
1956
300
_a
192P
942
_c
BK
999
_c
567942
_d
567942